Toeic analyst : Mastering Toeic Test-taking skills

में बचाया:
ग्रंथसूची विवरण
मुख्य लेखक: Taylor, Anne
स्वरूप: पुस्तक
भाषा:Undetermined
प्रकाशित: Thành phố Hồ Chí Minh Trẻ 2006
विषय:
टैग : टैग जोड़ें
कोई टैग नहीं, इस रिकॉर्ड को टैग करने वाले पहले व्यक्ति बनें!
Thư viện lưu trữ: Trung tâm Học liệu Trường Đại học Cần Thơ
LEADER 00698nam a2200229Ia 4500
001 CTU_194467
008 210402s9999 xx 000 0 und d
020 |c 82000 
082 |a 428.0076 
082 |b A613/CD.3 
100 |a Taylor, Anne 
245 0 |a Toeic analyst : 
245 0 |b Mastering Toeic Test-taking skills 
245 0 |c Anne Taylor 
260 |a Thành phố Hồ Chí Minh 
260 |b Trẻ 
260 |c 2006 
650 |a English language,English language,Anh ngữ thực hành 
650 |x Study guides,Textbooks for foreign speakers,Sách hướng dẫn 
904 |i Giang 
915 |a 400 
980 |a Trung tâm Học liệu Trường Đại học Cần Thơ